A. WESLEY POWELL LEARNING RESOURCE CENTRE (WPLRC)

Wonderful Place to Learn, Research & Collaborate

Stella seh-- / (Record no. 2565)

MARC details
000 -LEADER
fixed length control field 01022nam a2200289 a 4500
001 - ACCESSION NUMBER
control field 22685
003 - CONTROL NUMBER IDENTIFIER
control field OSt
005 - DATE AND TIME OF LATEST TRANSACTION
control field 20150602093947.0
008 - FIXED-LENGTH DATA ELEMENTS--GENERAL INFORMATION
fixed length control field 940804s1991 jm a 000 0 eng
020 ## - INTERNATIONAL STANDARD BOOK NUMBER
International Standard Book Number 9768017139
040 ## - CATALOGING SOURCE
Original cataloging agency DLC
Transcribing agency DLC
043 ## - GEOGRAPHIC AREA CODE
Geographic area code nwjm---
050 00 - LIBRARY OF CONGRESS CALL NUMBER
Classification number F1874
Item number .G58 1991
082 ## - DEWEY DECIMAL CLASSIFICATION NUMBER
Classification number 070.444
100 1# - MAIN ENTRY--PERSONAL NAME
Personal name Gloudon, Barbara.
245 10 - TITLE STATEMENT
Title Stella seh-- /
Statement of responsibility, etc. Barbara Gloudon.
260 ## - PUBLICATION, DISTRIBUTION, ETC. (IMPRINT)
Place of publication, distribution, etc. Kingston, Jamaica :
Name of publisher, distributor, etc. Institute of Jamaica Publications,
Date of publication, distribution, etc. c1991.
300 ## - PHYSICAL DESCRIPTION
Extent xiv, 208 p. :
Other physical details ill. ;
Dimensions 18 cm.
490 1# - SERIES STATEMENT
Series statement Heritage books ;
Volume/sequential designation no. 2
500 ## - GENERAL NOTE
General note A selection of columns previously published in the Star and Daily news newspapers from 1970 to 1980.
651 #0 - SUBJECT ADDED ENTRY--GEOGRAPHIC NAME
Geographic name Jamaica
General subdivision Social life and customs
-- Humor.
651 #0 - SUBJECT ADDED ENTRY--GEOGRAPHIC NAME
Geographic name Jamaica
General subdivision Social conditions
-- Humor.
830 #0 - SERIES ADDED ENTRY--UNIFORM TITLE
Uniform title Heritage books (Institute of Jamaica Publications) ;
Volume number/sequential designation no. 2.
906 ## - LOCAL DATA ELEMENT F, LDF (RLIN)
a 7
b cbc
c orignew
d 4
e ncip
f 19
g y-gencatlg
942 ## - ADDED ENTRY ELEMENTS (KOHA)
Source of classification or shelving scheme Dewey Decimal Classification
Koha item type Books
Holdings
Withdrawn status Lost status Source of classification or shelving scheme Damaged status Not for loan Home library Current library Date acquired Total Checkouts Full call number Date last seen Price effective from Koha item type
    Dewey Decimal Classification   Not For Loan Wesley Powell Learning Resource Centre Wesley Powell Learning Resource Centre 06/02/2015   RBC/070.444 GLO (22685) 06/02/2015 06/02/2015 Books